Costa Rica - Statistics

Estatísticas Gerais
  • Esse quiz foi jogado 8 vezes
  • A pontuação média é 8 de 15
Estatísticas das Respostas
Hint Resposta % Correto
Onde fica? América Central
100%
Qual é a sua religião? Cristianismo
100%
Qual é o seu idioma? Espanhol
100%
Com que país faz fronteira a Norte? Nicarágua
100%
De que país é independente? Espanha
86%
Qual é o desporto mais praticado? Futebol
86%
Com que país faz fronteira a Sudoeste? Panamá
71%
Qual é a sua capital? São José
71%
Com que oceano faz fronteira a Oeste? Oceano Atlântico
57%
Qual é o seu código ISO? CRC
43%
Como se chama a ilha pertencente ao país onde foi filmado o filme Jurassic Park? Ilha Coco
14%
Com que mar faz fronteira a Leste? Mar do Caribe
14%
Qual é o animal nacional? Cariacu
0%
Como se chama a sua moeda? Colón costa-riquenho
0%
Qual é o prato típico? Tamale
0%
Nenhum quiz correspondente encontrado
Distribuição das Pontuações
Porcentagem de Pessoas com Cada Pontuação
Percentil de Números Respondidos
Sua Pontuação Histórica
Você não jogou esse quiz